书目信息 |
| 题名: |
胶黏剂选用与粘接技术
|
|
| 作者: | 李盛彪 , 黄世强 , 王石泉 编著 | |
| 分册: | ||
| 出版信息: | 北京 化学工业出版社 2002.05 |
|
| 页数: | 364页 | |
| 开本: | 20cm | |
| 丛书名: | 实用胶粘剂制备与应用丛书 | |
| 单 册: | ||
| 中图分类: | TQ430 | |
| 科图分类: | ||
| 主题词: | 胶粘剂--化学工业 | |
| 电子资源: | ||
| ISBN: | 7-5025-3781-3 | |
| 000 | 00796nam0 2200241 45 | |
| 001 | 0455045674 | |
| 005 | 2004042815172539 | |
| 010 | @a7-5025-3781-3@dCNY 25.00 | |
| 100 | @a20040428d2002 km y0chiy0120 ea | |
| 101 | 0 | @achi |
| 102 | @aCN@b110000 | |
| 200 | 1 | @a胶黏剂选用与粘接技术@AJiao Nian Ji Xuan Yong Yu Nian Jie Ji Shu@f李盛彪,黄世强,王石泉编著@FLi Sheng Biao,Huang Shi Qiang,Wang Shi Quan Bian Zhu |
| 210 | @a北京@c化学工业出版社@d2002.05 | |
| 215 | @a364页@d20cm | |
| 225 | 2 | @a实用胶粘剂制备与应用丛书 |
| 410 | 0 | @12001 @a实用胶粘剂制备与应用丛书 |
| 606 | 0 | @a胶粘剂@x化学工业 |
| 690 | @aTQ430@v3 | |
| 701 | 0 | @a李盛彪@ALi Sheng Biao@4编著 |
| 701 | 0 | @a黄世强@AHuang Shi Qiang@4编著 |
| 701 | 0 | @a王石泉@AWang Shi Quan@4编著 |
| 801 | 0 | @aCN@bPFT@c20040428 |
| 905 | @dTQ430@eL250 | |
| 胶黏剂选用与粘接技术/李盛彪,黄世强,王石泉编著.-北京:化学工业出版社,2002.05 |
| 364页;20cm.-(实用胶粘剂制备与应用丛书) |
| ISBN 7-5025-3781-3:CNY 25.00 |
| ● |
| 相关链接 |
|
|
|
正题名:胶黏剂选用与粘接技术
索取号:TQ430/L250
 
预约/预借
| 序号 | 登录号 | 条形码 | 馆藏地/架位号 | 状态 | 备注 |
| 1 | 389778 | 203897783 | 自科库501/501自科库 39排5列2层/ [索取号:TQ430/L250] | 在馆 | |
| 2 | 389779 | 203897792 | 自科二线504/504自科库 42排3列6层/ [索取号:TQ430/L250] | 在馆 | |
| 3 | 389780 | 203897809 | 自科库501/501自科库 39排5列2层/ [索取号:TQ430/L250] | 在馆 |